000 00477nam a2200181Ia 4500
008 240925s9999 xx 000 0 und d
020 _a28616731
082 _a423 WEB
100 _aNot - Available
245 0 _aWebsters New world College Dictionary
250 _a3rd
260 _aNew York:
_bMacmillian Publishing Co
_c,1997.
300 _axvi,544p.
_bNA
_fNA
500 _aIncludes Abbreviations
600 _aEngineering Technology
650 _aLanguage
942 _cBK
999 _c6342
_d6342